[Event "April 9 Early 2024"]
[Site "Chess.com"]
[Date "2024.04.09"]
[Round "10"]
[White "Kunz, Andre"]
[Black "Skotheim, Andreas"]
[Result "1/2-1/2"]
[Board "92"]
[WhiteFideId "24623652"]
[BlackFideId "1518526"]
[WhiteTitle "CM"]
[BlackTitle "CM"]
[WhiteElo "2363"]
[BlackElo "2583"]
[WhiteTeam "GER"]
[BlackTeam "NOR"]
[WhiteClock "0:00:14"]
[BlackClock "0:00:11"]
[Variant "Standard"]

1. e4 {[%clk 0:03:00]}  c5 {[%clk 0:02:59]} 2. Nf3 {[%clk 0:03:00]}  e6 {[%clk 0:03:00]} 3. d4 {[%clk 0:02:59]}  cxd4 {[%clk 0:03:01]} 4. Nxd4 {[%clk 0:02:59]}  Nc6 {[%clk 0:03:01]} 5. Be3 {[%clk 0:02:56]}  Nf6 {[%clk 0:02:58]} 6. Nxc6 {[%clk 0:02:46]}  bxc6 {[%clk 0:02:57]} 7. Bd3 {[%clk 0:02:45]}  d5 {[%clk 0:02:56]} 8. exd5 {[%clk 0:02:36]}  cxd5 {[%clk 0:02:44]} 9. O-O {[%clk 0:02:32]}  Be7 {[%clk 0:02:43]} 10. c4 {[%clk 0:02:31]}  O-O {[%clk 0:02:40]} 11. cxd5 {[%clk 0:02:30]}  Nxd5 {[%clk 0:02:40]} 12. Bd2 {[%clk 0:02:21]}  Bf6 {[%clk 0:02:37]} 13. Nc3 {[%clk 0:02:19]}  Nxc3 {[%clk 0:02:36]} 14. Bxc3 {[%clk 0:02:19]}  Bxc3 {[%clk 0:02:36]} 15. bxc3 {[%clk 0:02:20]}  Bb7 {[%clk 0:02:34]} 16. f3 {[%clk 0:02:12]}  Rc8 {[%clk 0:02:26]} 17. Bxh7+ {[%clk 0:01:51]}  Kxh7 {[%clk 0:02:09]} 18. Qb1+ {[%clk 0:01:50]}  Kg8 {[%clk 0:02:08]} 19. Qxb7 {[%clk 0:01:50]}  Qa5 {[%clk 0:01:39]} 20. Qb4 {[%clk 0:01:47]}  Qc5+ {[%clk 0:01:25]} 21. Qxc5 {[%clk 0:01:46]}  Rxc5 {[%clk 0:01:26]} 22. Rab1 {[%clk 0:01:35]}  Rxc3 {[%clk 0:01:25]} 23. Rb7 {[%clk 0:01:35]}  Ra3 {[%clk 0:01:26]} 24. Rf2 {[%clk 0:01:31]}  Rc8 {[%clk 0:01:24]} 25. h3 {[%clk 0:01:28]}  Rc1+ {[%clk 0:01:16]} 26. Kh2 {[%clk 0:01:28]}  g5 {[%clk 0:00:46]} 27. Rd2 {[%clk 0:01:22]}  Rc5 {[%clk 0:00:11]} 28. Kg3 {[%clk 0:01:16]}  Rf5 {[%clk 0:00:09]} 29. h4 {[%clk 0:01:11]}  gxh4+ {[%clk 0:00:09]} 30. Kxh4 {[%clk 0:01:11]}  Kg7 {[%clk 0:00:10]} 31. Kg3 {[%clk 0:01:06]}  a6 {[%clk 0:00:10]} 32. Rb4 {[%clk 0:01:03]}  Rfa5 {[%clk 0:00:09]} 33. Rbb2 {[%clk 0:01:03]}  Kf6 {[%clk 0:00:09]} 34. Re2 {[%clk 0:00:59]}  R3a4 {[%clk 0:00:09]} 35. Rbc2 {[%clk 0:00:56]}  Kf5 {[%clk 0:00:09]} 36. Rb2 {[%clk 0:00:54]}  f6 {[%clk 0:00:10]} 37. Rbc2 {[%clk 0:00:52]}  e5 {[%clk 0:00:10]} 38. Rb2 {[%clk 0:00:51]}  Ra3 {[%clk 0:00:10]} 39. Kf2 {[%clk 0:00:51]}  Rb5 {[%clk 0:00:09]} 40. Rxb5 {[%clk 0:00:44]}  axb5 {[%clk 0:00:09]} 41. Rb2 {[%clk 0:00:44]}  Ra5 {[%clk 0:00:05]} 42. Ke3 {[%clk 0:00:43]}  Kg5 {[%clk 0:00:05]} 43. Ke4 {[%clk 0:00:42]}  Ra4+ {[%clk 0:00:05]} 44. Ke3 {[%clk 0:00:42]}  b4 {[%clk 0:00:05]} 45. Kf2 {[%clk 0:00:40]}  Kf4 {[%clk 0:00:04]} 46. Rc2 {[%clk 0:00:38]}  Kf5 {[%clk 0:00:03]} 47. Ke3 {[%clk 0:00:37]}  Ke6 {[%clk 0:00:04]} 48. g3 {[%clk 0:00:36]}  Ra3+ {[%clk 0:00:04]} 49. Ke2 {[%clk 0:00:36]}  Kd5 {[%clk 0:00:04]} 50. Kf2 {[%clk 0:00:34]}  Kd4 {[%clk 0:00:03]} 51. Ke2 {[%clk 0:00:34]}  f5 {[%clk 0:00:04]} 52. Rb2 {[%clk 0:00:31]}  Kc3 {[%clk 0:00:03]} 53. Rd2 {[%clk 0:00:31]}  Ra6 {[%clk 0:00:03]} 54. Rd3+ {[%clk 0:00:31]}  Kc4 {[%clk 0:00:03]} 55. Rd2 {[%clk 0:00:31]}  e4 {[%clk 0:00:03]} 56. fxe4 {[%clk 0:00:31]}  fxe4 {[%clk 0:00:04]} 57. Ke3 {[%clk 0:00:31]}  Rg6 {[%clk 0:00:05]} 58. Kxe4 {[%clk 0:00:30]}  Rxg3 {[%clk 0:00:05]} 59. Rc2+ {[%clk 0:00:30]}  Rc3 {[%clk 0:00:06]} 60. Rb2 {[%clk 0:00:29]}  Rh3 {[%clk 0:00:05]} 61. Rc2+ {[%clk 0:00:27]}  Kb5 {[%clk 0:00:04]} 62. Kd4 {[%clk 0:00:27]}  Ka4 {[%clk 0:00:04]} 63. Kc4 {[%clk 0:00:25]}  Rh4+ {[%clk 0:00:04]} 64. Kc5 {[%clk 0:00:25]}  Rh8 {[%clk 0:00:04]} 65. Rd2 {[%clk 0:00:24]}  Rc8+ {[%clk 0:00:04]} 66. Kb6 {[%clk 0:00:19]}  Ka3 {[%clk 0:00:05]} 67. Kb5 {[%clk 0:00:19]}  Rb8+ {[%clk 0:00:05]} 68. Kc4 {[%clk 0:00:18]}  Rc8+ {[%clk 0:00:05]} 69. Kb5 {[%clk 0:00:19]}  Rb8+ {[%clk 0:00:04]} 70. Kc4 {[%clk 0:00:19]}  Ka4 {[%clk 0:00:04]} 71. Rd6 {[%clk 0:00:16]}  Rc8+ {[%clk 0:00:04]} 72. Kd3 {[%clk 0:00:16]}  Rc3+ {[%clk 0:00:04]} 73. Kd2 {[%clk 0:00:16]}  Kb5 {[%clk 0:00:03]} 74. Rd5+ {[%clk 0:00:14]}  Kc4 {[%clk 0:00:03]} 75. Ra5 {[%clk 0:00:14]}  Rh3 {[%clk 0:00:03]} 76. Ra7 {[%clk 0:00:14]}  Rh2+ {[%clk 0:00:04]} 77. Kc1 {[%clk 0:00:14]}  Kc3 {[%clk 0:00:04]} 78. Rc7+ {[%clk 0:00:15]}  Kd3 {[%clk 0:00:04]} 79. Rd7+ {[%clk 0:00:15]}  Kc4 {[%clk 0:00:05]} 80. Rc7+ {[%clk 0:00:15]}  Kb5 {[%clk 0:00:06]} 81. Ra7 {[%clk 0:00:15]}  Rh3 {[%clk 0:00:05]} 82. Ra8 {[%clk 0:00:15]}  Rc3+ {[%clk 0:00:06]} 83. Kb2 {[%clk 0:00:14]}  Rg3 {[%clk 0:00:06]} 84. Rb8+ {[%clk 0:00:15]}  Ka5 {[%clk 0:00:07]} 85. Ra8+ {[%clk 0:00:15]}  Kb5 {[%clk 0:00:07]} 86. Rb8+ {[%clk 0:00:16]}  Kc5 {[%clk 0:00:08]} 87. Rc8+ {[%clk 0:00:16]}  Kd5 {[%clk 0:00:09]} 88. Rb8 {[%clk 0:00:16]}  Kc4 {[%clk 0:00:09]} 89. Rc8+ {[%clk 0:00:16]}  Kd4 {[%clk 0:00:09]} 90. Rd8+ {[%clk 0:00:17]}  Kc5 {[%clk 0:00:10]} 91. Rc8+ {[%clk 0:00:17]}  Kd5 {[%clk 0:00:10]} 92. Rb8 {[%clk 0:00:18]}  Rg4 {[%clk 0:00:11]} 93. Rd8+ {[%clk 0:00:17]}  Kc5 {[%clk 0:00:11]} 94. Rc8+ {[%clk 0:00:18]}  Kb6 {[%clk 0:00:11]} 95. Rb8+ {[%clk 0:00:18]}  Kc6 {[%clk 0:00:12]} 96. Kb3 {[%clk 0:00:18]}  Kc5 {[%clk 0:00:11]} 97. Rc8+ {[%clk 0:00:18]}  Kb5 {[%clk 0:00:11]} 98. Rb8+ {[%clk 0:00:18]}  Kc5 {[%clk 0:00:12]} 99. Rc8+ {[%clk 0:00:19]}  Kb6 {[%clk 0:00:12]} 100. Rc4 {[%clk 0:00:18]}  Rg1 {[%clk 0:00:08]} 101. Rxb4+ {[%clk 0:00:18]}  Ka5 {[%clk 0:00:08]} 102. Ra4+ {[%clk 0:00:17]}  Kb5 {[%clk 0:00:08]} 103. Rb4+ {[%clk 0:00:17]}  Ka5 {[%clk 0:00:08]} 104. Ka3 {[%clk 0:00:17]}  Rg3+ {[%clk 0:00:08]} 105. Rb3 {[%clk 0:00:17]}  Rg4 {[%clk 0:00:07]} 106. Kb2 {[%clk 0:00:17]}  Rg2+ {[%clk 0:00:08]} 107. Ka3 {[%clk 0:00:17]}  Rf2 {[%clk 0:00:07]} 108. Rd3 {[%clk 0:00:17]}  Kb5 {[%clk 0:00:07]} 109. Kb3 {[%clk 0:00:17]}  Ka5 {[%clk 0:00:07]} 110. Rd5+ {[%clk 0:00:17]}  Kb6 {[%clk 0:00:07]} 111. a4 {[%clk 0:00:17]}  Rf1 {[%clk 0:00:08]} 112. Rd4 {[%clk 0:00:16]}  Ka5 {[%clk 0:00:07]} 113. Rd5+ {[%clk 0:00:16]}  Kb6 {[%clk 0:00:08]} 114. Kb4 {[%clk 0:00:15]}  Rb1+ {[%clk 0:00:07]} 115. Ka3 {[%clk 0:00:16]}  Ka6 {[%clk 0:00:07]} 116. Rd4 {[%clk 0:00:15]}  Ka5 {[%clk 0:00:07]} 117. Rd5+ {[%clk 0:00:15]}  Ka6 {[%clk 0:00:07]} 118. Rd3 {[%clk 0:00:15]}  Ka5 {[%clk 0:00:07]} 119. Rd2 {[%clk 0:00:15]}  Ra1+ {[%clk 0:00:07]} 120. Kb3 {[%clk 0:00:15]}  Rh1 {[%clk 0:00:06]} 121. Rd5+ {[%clk 0:00:14]}  Ka6 {[%clk 0:00:07]} 122. Kc4 {[%clk 0:00:15]}  Rc1+ {[%clk 0:00:07]} 123. Kb4 {[%clk 0:00:14]}  Rb1+ {[%clk 0:00:07]} 124. Kc5 {[%clk 0:00:15]}  Ka5 {[%clk 0:00:07]} 125. Rd4 {[%clk 0:00:14]}  Rc1+ {[%clk 0:00:07]} 126. Rc4 {[%clk 0:00:14]}  Rh1 {[%clk 0:00:07]} 127. Kc6 {[%clk 0:00:13]}  Rh8 {[%clk 0:00:07]} 128. Kd5 {[%clk 0:00:13]}  Rd8+ {[%clk 0:00:07]} 129. Kc5 {[%clk 0:00:13]}  Re8 {[%clk 0:00:06]} 130. Kd5 {[%clk 0:00:13]}  Rd8+ {[%clk 0:00:07]} 131. Kc5 {[%clk 0:00:13]}  Rd7 {[%clk 0:00:07]} 132. Kc6 {[%clk 0:00:12]}  Rd1 {[%clk 0:00:07]} 133. Kc5 {[%clk 0:00:12]}  Rh1 {[%clk 0:00:07]} 134. Re4 {[%clk 0:00:12]}  Rh5+ {[%clk 0:00:07]} 135. Kc4 {[%clk 0:00:12]}  Kxa4 {[%clk 0:00:06]} 136. Re8 {[%clk 0:00:12]}  Rh4+ {[%clk 0:00:05]} 137. Kd5 {[%clk 0:00:12]}  Kb3 {[%clk 0:00:06]} 138. Kc5 {[%clk 0:00:12]}  Kc3 {[%clk 0:00:06]} 139. Re3+ {[%clk 0:00:12]}  Kd2 {[%clk 0:00:06]} 140. Re8 {[%clk 0:00:12]}  Kd3 {[%clk 0:00:06]} 141. Rd8+ {[%clk 0:00:12]}  Kc3 {[%clk 0:00:06]} 142. Kc6 {[%clk 0:00:12]}  Rh5 {[%clk 0:00:06]} 143. Rf8 {[%clk 0:00:11]}  Kd4 {[%clk 0:00:06]} 144. Rf4+ {[%clk 0:00:11]}  Ke5 {[%clk 0:00:06]} 145. Ra4 {[%clk 0:00:11]}  Rh8 {[%clk 0:00:06]} 146. Ra5+ {[%clk 0:00:12]}  Ke6 {[%clk 0:00:07]} 147. Kc5 {[%clk 0:00:11]}  Rh5+ {[%clk 0:00:06]} 148. Kb6 {[%clk 0:00:12]}  Rh1 {[%clk 0:00:07]} 149. Rb5 {[%clk 0:00:11]}  Kd6 {[%clk 0:00:07]} 150. Ka5 {[%clk 0:00:12]}  Kc6 {[%clk 0:00:07]} 151. Rb2 {[%clk 0:00:11]}  Rh8 {[%clk 0:00:06]} 152. Rc2+ {[%clk 0:00:10]}  Kd5 {[%clk 0:00:06]} 153. Kb4 {[%clk 0:00:10]}  Rb8+ {[%clk 0:00:06]} 154. Kc3 {[%clk 0:00:10]}  Ke4 {[%clk 0:00:06]} 155. Kd2 {[%clk 0:00:10]}  Kd4 {[%clk 0:00:05]} 156. Ra2 {[%clk 0:00:09]}  Rh8 {[%clk 0:00:06]} 157. Kc2 {[%clk 0:00:10]}  Kc4 {[%clk 0:00:05]} 158. Ra4+ {[%clk 0:00:10]}  Kb5 {[%clk 0:00:06]} 159. Rg4 {[%clk 0:00:10]}  Rh3 {[%clk 0:00:06]} 160. Kd2 {[%clk 0:00:10]}  Rh5 {[%clk 0:00:05]} 161. Ke2 {[%clk 0:00:10]}  Kc5 {[%clk 0:00:06]} 162. Ra4 {[%clk 0:00:11]}  Rh3 {[%clk 0:00:06]} 163. Kf2 {[%clk 0:00:10]}  Rb3 {[%clk 0:00:05]} 164. Rh4 {[%clk 0:00:10]}  Kd5 {[%clk 0:00:06]} 165. Kg2 {[%clk 0:00:11]}  Ke5 {[%clk 0:00:06]} 166. Kf2 {[%clk 0:00:11]}  Kf5 {[%clk 0:00:06]} 167. Ra4 {[%clk 0:00:11]}  Rb5 {[%clk 0:00:06]} 168. Ke2 {[%clk 0:00:11]}  Rb8 {[%clk 0:00:07]} 169. Ra5+ {[%clk 0:00:11]}  Ke4 {[%clk 0:00:07]} 170. Ra4+ {[%clk 0:00:12]}  Ke5 {[%clk 0:00:07]} 171. Ke3 {[%clk 0:00:12]}  Rb3+ {[%clk 0:00:07]} 172. Kd2 {[%clk 0:00:13]}  Rh3 {[%clk 0:00:07]} 173. Ke2 {[%clk 0:00:13]}  Kf5 {[%clk 0:00:08]} 174. Ra5+ {[%clk 0:00:13]}  Kg4 {[%clk 0:00:08]} 175. Ra4+ {[%clk 0:00:13]}  Kg5 {[%clk 0:00:09]} 176. Ra5+ {[%clk 0:00:14]}  Kf4 {[%clk 0:00:09]} 177. Ra4+ {[%clk 0:00:14]}  Ke5 {[%clk 0:00:10]} 178. Kf2 {[%clk 0:00:14]}  Rb3 {[%clk 0:00:10]} 179. Ke2 {[%clk 0:00:14]}  Kd5 {[%clk 0:00:10]} 180. Kd2 {[%clk 0:00:15]}  Kc5 {[%clk 0:00:10]} 181. Rh4 {[%clk 0:00:15]}  Rb4 {[%clk 0:00:10]} 182. Rxb4 {[%clk 0:00:14]}  Kxb4 {[%clk 0:00:11]} 1/2-1/2

[Event "April 9 Early 2024"]
[Site "Chess.com"]
[Date "2024.04.09"]
[Round "10"]
[White "Palacio,Igor Da Paz"]
[Black "Al-Tarboush, Ward"]
[Result "0-1"]
[Board "93"]
[WhiteFideId "2121140"]
[BlackFideId "7601450"]
[BlackTitle "FM"]
[WhiteElo "2345"]
[BlackElo "2577"]
[WhiteTeam "BRA"]
[BlackTeam "NOR"]
[WhiteClock "0:00:03"]
[BlackClock "0:00:14"]
[Variant "Standard"]

1. e4 {[%clk 0:03:00]}  e6 {[%clk 0:02:59]} 2. d4 {[%clk 0:03:00]}  d5 {[%clk 0:02:59]} 3. Nd2 {[%clk 0:03:00]}  c5 {[%clk 0:02:58]} 4. c3 {[%clk 0:02:59]}  cxd4 {[%clk 0:02:56]} 5. cxd4 {[%clk 0:02:59]}  dxe4 {[%clk 0:02:56]} 6. Nxe4 {[%clk 0:02:58]}  Nc6 {[%clk 0:02:55]} 7. Nf3 {[%clk 0:02:57]}  Bb4+ {[%clk 0:02:49]} 8. Nc3 {[%clk 0:02:57]}  Nf6 {[%clk 0:02:48]} 9. Bd3 {[%clk 0:02:51]}  O-O {[%clk 0:02:47]} 10. O-O {[%clk 0:02:49]}  h6 {[%clk 0:02:47]} 11. a3 {[%clk 0:02:43]}  Bd6 {[%clk 0:02:46]} 12. Re1 {[%clk 0:02:40]}  a6 {[%clk 0:02:45]} 13. Ne4 {[%clk 0:02:32]}  Be7 {[%clk 0:02:42]} 14. Be3 {[%clk 0:02:28]}  b5 {[%clk 0:02:34]} 15. Rc1 {[%clk 0:02:22]}  Na5 {[%clk 0:02:24]} 16. Nxf6+ {[%clk 0:01:57]}  Bxf6 {[%clk 0:02:24]} 17. Ne5 {[%clk 0:01:57]}  Bb7 {[%clk 0:02:19]} 18. f3 {[%clk 0:01:44]}  Rc8 {[%clk 0:02:14]} 19. b4 {[%clk 0:01:33]}  Bxe5 {[%clk 0:02:04]} 20. Rxc8 {[%clk 0:01:18]}  Qxc8 {[%clk 0:02:05]} 21. dxe5 {[%clk 0:01:08]}  Nc4 {[%clk 0:02:05]} 22. Bc5 {[%clk 0:01:05]}  Rd8 {[%clk 0:02:03]} 23. Qc2 {[%clk 0:00:39]}  Nxa3 {[%clk 0:01:59]} 24. Qc3 {[%clk 0:00:30]}  Qd7 {[%clk 0:01:47]} 25. Qxa3 {[%clk 0:00:15]}  Qxd3 {[%clk 0:01:47]} 26. Qxd3 {[%clk 0:00:16]}  Rxd3 {[%clk 0:01:47]} 27. Kf2 {[%clk 0:00:16]}  Ra3 {[%clk 0:01:35]} 28. Re3 {[%clk 0:00:16]}  Ra4 {[%clk 0:01:32]} 29. Rc3 {[%clk 0:00:11]}  Bd5 {[%clk 0:01:32]} 30. h3 {[%clk 0:00:10]}  a5 {[%clk 0:01:24]} 31. bxa5 {[%clk 0:00:09]}  Rxa5 {[%clk 0:01:25]} 32. Rc1 {[%clk 0:00:07]}  Ra2+ {[%clk 0:01:24]} 33. Kg1 {[%clk 0:00:07]}  Re2 {[%clk 0:01:05]} 34. Bd6 {[%clk 0:00:07]}  Bc4 {[%clk 0:00:59]} 35. Rb1 {[%clk 0:00:08]}  g5 {[%clk 0:00:53]} 36. Kh2 {[%clk 0:00:08]}  Kg7 {[%clk 0:00:52]} 37. Kg3 {[%clk 0:00:08]}  h5 {[%clk 0:00:50]} 38. Kh2 {[%clk 0:00:07]}  Bd5 {[%clk 0:00:46]} 39. Kg1 {[%clk 0:00:05]}  Bc4 {[%clk 0:00:44]} 40. Kh2 {[%clk 0:00:05]}  Kg6 {[%clk 0:00:42]} 41. Kg1 {[%clk 0:00:06]}  Kf5 {[%clk 0:00:34]} 42. Kh2 {[%clk 0:00:06]}  Bd5 {[%clk 0:00:23]} 43. Rxb5 {[%clk 0:00:05]}  Bxf3 {[%clk 0:00:23]} 44. Kg3 {[%clk 0:00:03]}  Be4 {[%clk 0:00:14]} 45. h4 {[%clk 0:00:02]}  Rxg2+ {[%clk 0:00:13]} 46. Kh3 {[%clk 0:00:03]}  g4# {[%clk 0:00:14]} 0-1

[Event "April 9 Early 2024"]
[Site "Chess.com"]
[Date "2024.04.10"]
[Round "10"]
[White "Aakash G"]
[Black "Agasarov, Benik"]
[Result "0-1"]
[Board "95"]
[WhiteFideId "25644394"]
[BlackFideId "13314823"]
[WhiteTitle "CM"]
[BlackTitle "FM"]
[WhiteElo "2333"]
[BlackElo "2801"]
[WhiteTeam "IND"]
[BlackTeam "ARM"]
[WhiteClock "0:01:18"]
[BlackClock "0:01:20"]
[Variant "Standard"]

1. d4 {[%clk 0:03:00]}  Nf6 {[%clk 0:02:59]} 2. c4 {[%clk 0:03:01]}  g6 {[%clk 0:02:58]} 3. Nc3 {[%clk 0:03:01]}  Bg7 {[%clk 0:02:58]} 4. Nf3 {[%clk 0:03:02]}  O-O {[%clk 0:02:58]} 5. Bg5 {[%clk 0:03:02]}  c5 {[%clk 0:02:55]} 6. e3 {[%clk 0:02:57]}  cxd4 {[%clk 0:02:53]} 7. exd4 {[%clk 0:02:57]}  d5 {[%clk 0:02:51]} 8. Bxf6 {[%clk 0:02:54]}  Bxf6 {[%clk 0:02:50]} 9. Nxd5 {[%clk 0:02:55]}  Bg7 {[%clk 0:02:51]} 10. Nc3 {[%clk 0:02:54]}  Bg4 {[%clk 0:02:48]} 11. Be2 {[%clk 0:02:52]}  Nc6 {[%clk 0:02:44]} 12. d5 {[%clk 0:02:51]}  Na5 {[%clk 0:02:40]} 13. Nd2 {[%clk 0:02:40]}  Bxe2 {[%clk 0:02:36]} 14. Qxe2 {[%clk 0:02:41]}  Rc8 {[%clk 0:02:35]} 15. O-O {[%clk 0:02:40]}  Qc7 {[%clk 0:02:26]} 16. Rac1 {[%clk 0:02:31]}  Nxc4 {[%clk 0:02:16]} 17. Nb5 {[%clk 0:02:25]}  Qa5 {[%clk 0:02:09]} 18. Nxa7 {[%clk 0:02:13]}  Qxa7 {[%clk 0:01:57]} 19. Nxc4 {[%clk 0:02:09]}  Qxa2 {[%clk 0:01:56]} 20. Rfd1 {[%clk 0:02:00]}  b5 {[%clk 0:01:52]} 21. Nd2 {[%clk 0:01:53]}  Rxc1 {[%clk 0:01:38]} 22. Rxc1 {[%clk 0:01:54]}  Qxd5 {[%clk 0:01:39]} 23. Nf3 {[%clk 0:01:47]}  e6 {[%clk 0:01:36]} 24. h4 {[%clk 0:01:46]}  h6 {[%clk 0:01:35]} 25. Rd1 {[%clk 0:01:39]}  Qc4 {[%clk 0:01:31]} 26. Qd2 {[%clk 0:01:34]}  b4 {[%clk 0:01:23]} 27. Rc1 {[%clk 0:01:31]}  Qb3 {[%clk 0:01:21]} 28. Nd4 {[%clk 0:01:18]}  Qd5 {[%clk 0:01:20]} 0-1

[Event "April 9 Early 2024"]
[Site "Chess.com"]
[Date "2024.04.10"]
[Round "10"]
[White "Kolb, Tobias"]
[Black "Vrashank Chouhan"]
[Result "1-0"]
[Board "106"]
[WhiteFideId "12992321"]
[BlackFideId "25944240"]
[WhiteTitle "FM"]
[BlackTitle "FM"]
[WhiteElo "2598"]
[BlackElo "2432"]
[WhiteTeam "GER"]
[BlackTeam "IND"]
[WhiteClock "0:00:24"]
[BlackClock "0:00:45"]
[Variant "Standard"]

1. e4 {[%clk 0:03:00]}  d6 {[%clk 0:02:56]} 2. d4 {[%clk 0:03:00]}  Nf6 {[%clk 0:02:57]} 3. Nc3 {[%clk 0:03:00]}  Nbd7 {[%clk 0:02:57]} 4. f4 {[%clk 0:03:00]}  e5 {[%clk 0:02:55]} 5. Nf3 {[%clk 0:03:00]}  exd4 {[%clk 0:02:51]} 6. Qxd4 {[%clk 0:03:01]}  c6 {[%clk 0:02:49]} 7. Be3 {[%clk 0:02:58]}  d5 {[%clk 0:02:49]} 8. exd5 {[%clk 0:02:49]}  Bc5 {[%clk 0:02:47]} 9. Qd3 {[%clk 0:02:48]}  O-O {[%clk 0:02:42]} 10. O-O-O {[%clk 0:02:49]}  Ng4 {[%clk 0:02:35]} 11. Bxc5 {[%clk 0:02:44]}  Nxc5 {[%clk 0:02:36]} 12. Qd4 {[%clk 0:02:44]}  Qb6 {[%clk 0:02:29]} 13. h3 {[%clk 0:02:40]}  Nf6 {[%clk 0:02:26]} 14. d6 {[%clk 0:02:31]}  Rd8 {[%clk 0:02:19]} 15. Bc4 {[%clk 0:02:27]}  Be6 {[%clk 0:02:16]} 16. Ne5 {[%clk 0:02:25]}  Ne8 {[%clk 0:01:52]} 17. Bxe6 {[%clk 0:00:59]}  Nxe6 {[%clk 0:01:53]} 18. Qxb6 {[%clk 0:01:00]}  axb6 {[%clk 0:01:54]} 19. d7 {[%clk 0:01:00]}  Nf6 {[%clk 0:01:43]} 20. g3 {[%clk 0:00:46]}  Nc5 {[%clk 0:01:43]} 21. Rhe1 {[%clk 0:00:45]}  Ncxd7 {[%clk 0:01:43]} 22. Nxd7 {[%clk 0:00:45]}  Rxd7 {[%clk 0:01:42]} 23. Rxd7 {[%clk 0:00:45]}  Nxd7 {[%clk 0:01:43]} 24. Re7 {[%clk 0:00:46]}  Rd8 {[%clk 0:01:41]} 25. Re2 {[%clk 0:00:33]}  Kf8 {[%clk 0:01:41]} 26. Ne4 {[%clk 0:00:31]}  Re8 {[%clk 0:01:38]} 27. Kd2 {[%clk 0:00:29]}  Rd8 {[%clk 0:01:33]} 28. Kc3 {[%clk 0:00:28]}  b5 {[%clk 0:01:30]} 29. Rd2 {[%clk 0:00:26]}  Ke7 {[%clk 0:01:28]} 30. Nd6 {[%clk 0:00:24]}  g6 {[%clk 0:00:58]} 31. Nxb7 {[%clk 0:00:23]}  Rb8 {[%clk 0:00:52]} 32. Na5 {[%clk 0:00:23]}  Nb6 {[%clk 0:00:50]} 33. Nxc6+ {[%clk 0:00:23]}  Kf6 {[%clk 0:00:45]} 34. Nxb8 {[%clk 0:00:24]} 1-0

[Event "April 9 Early 2024"]
[Site "Chess.com"]
[Date "2024.04.09"]
[Round "10"]
[White "Manukian, Artak"]
[Black "Carbone, Diego"]
[Result "0-1"]
[Board "107"]
[WhiteFideId "13301373"]
[BlackFideId "3002179"]
[BlackTitle "FM"]
[WhiteElo "2482"]
[BlackElo "2591"]
[WhiteTeam "ARM"]
[BlackTeam "URU"]
[WhiteClock "0:00:30"]
[BlackClock "0:00:59"]
[Variant "Standard"]

1. e4 {[%clk 0:02:55]}  c5 {[%clk 0:02:59]} 2. Nf3 {[%clk 0:02:46]}  Nc6 {[%clk 0:02:56]} 3. c3 {[%clk 0:02:46]}  Nf6 {[%clk 0:02:55]} 4. e5 {[%clk 0:02:43]}  Nd5 {[%clk 0:02:55]} 5. d4 {[%clk 0:02:44]}  cxd4 {[%clk 0:02:55]} 6. cxd4 {[%clk 0:02:41]}  d6 {[%clk 0:02:56]} 7. Nc3 {[%clk 0:02:41]}  dxe5 {[%clk 0:02:26]} 8. dxe5 {[%clk 0:02:38]}  Be6 {[%clk 0:02:27]} 9. Bb5 {[%clk 0:02:30]}  Nxc3 {[%clk 0:02:24]} 10. Qxd8+ {[%clk 0:02:26]}  Rxd8 {[%clk 0:02:25]} 11. Bxc6+ {[%clk 0:02:26]}  bxc6 {[%clk 0:02:26]} 12. bxc3 {[%clk 0:02:27]}  g6 {[%clk 0:02:17]} 13. Nd4 {[%clk 0:02:19]}  Bd5 {[%clk 0:02:15]} 14. O-O {[%clk 0:02:19]}  c5 {[%clk 0:02:14]} 15. Nf3 {[%clk 0:02:06]}  Bg7 {[%clk 0:02:12]} 16. Bf4 {[%clk 0:02:04]}  Bxf3 {[%clk 0:02:07]} 17. gxf3 {[%clk 0:02:04]}  Rd3 {[%clk 0:02:08]} 18. Kg2 {[%clk 0:01:54]}  Kd7 {[%clk 0:02:08]} 19. Rfd1 {[%clk 0:01:53]}  Rxd1 {[%clk 0:02:07]} 20. Rxd1+ {[%clk 0:01:54]}  Ke6 {[%clk 0:02:07]} 21. c4 {[%clk 0:01:50]}  Rb8 {[%clk 0:02:07]} 22. Rd5 {[%clk 0:01:49]}  Rb2 {[%clk 0:02:02]} 23. Rxc5 {[%clk 0:01:46]}  Rxa2 {[%clk 0:02:02]} 24. Bg3 {[%clk 0:01:35]}  Ra4 {[%clk 0:02:00]} 25. f4 {[%clk 0:01:34]}  h5 {[%clk 0:01:56]} 26. h4 {[%clk 0:01:29]}  a5 {[%clk 0:01:53]} 27. Kf3 {[%clk 0:01:29]}  Kd7 {[%clk 0:01:49]} 28. Ke4 {[%clk 0:01:24]}  e6 {[%clk 0:01:47]} 29. Kd3 {[%clk 0:01:22]}  Bf8 {[%clk 0:01:43]} 30. Rb5 {[%clk 0:01:20]}  Ra3+ {[%clk 0:01:43]} 31. Kc2 {[%clk 0:01:19]}  Kc6 {[%clk 0:01:41]} 32. Rb8 {[%clk 0:01:18]}  Bb4 {[%clk 0:01:40]} 33. Rc8+ {[%clk 0:01:14]}  Kb7 {[%clk 0:01:36]} 34. Rd8 {[%clk 0:01:12]}  Kc6 {[%clk 0:01:36]} 35. Rc8+ {[%clk 0:01:12]}  Kd7 {[%clk 0:01:29]} 36. Ra8 {[%clk 0:01:11]}  Rc3+ {[%clk 0:01:27]} 37. Kb2 {[%clk 0:01:09]}  Rxc4 {[%clk 0:01:28]} 38. Ra7+ {[%clk 0:01:06]}  Rc7 {[%clk 0:01:26]} 39. Ra8 {[%clk 0:01:06]}  Kc6 {[%clk 0:01:25]} 40. f3 {[%clk 0:01:02]}  Kb5 {[%clk 0:01:06]} 41. Bf2 {[%clk 0:00:43]}  Rc3 {[%clk 0:01:05]} 42. Be1 {[%clk 0:00:37]}  Rxf3 {[%clk 0:01:03]} 43. Bxb4 {[%clk 0:00:37]}  axb4 {[%clk 0:01:00]} 44. Rb8+ {[%clk 0:00:38]}  Kc4 {[%clk 0:01:00]} 45. Rc8+ {[%clk 0:00:30]}  Kd5 {[%clk 0:00:59]} 0-1

[Event "April 9 Early 2024"]
[Site "Chess.com"]
[Date "2024.04.09"]
[Round "10"]
[White "Hoffmann, Asa"]
[Black "Bartel, Michal"]
[Result "0-1"]
[Board "108"]
[WhiteFideId "2001470"]
[BlackFideId "1119257"]
[WhiteTitle "FM"]
[BlackTitle "FM"]
[WhiteElo "2347"]
[BlackElo "2584"]
[WhiteTeam "USA"]
[BlackTeam "POL"]
[WhiteClock "0:01:13"]
[BlackClock "0:02:01"]
[Variant "Standard"]

1. d4 {[%clk 0:02:55]}  Nf6 {[%clk 0:02:59]} 2. Bg5 {[%clk 0:02:50]}  c6 {[%clk 0:03:00]} 3. Nd2 {[%clk 0:02:49]}  d5 {[%clk 0:02:59]} 4. e3 {[%clk 0:02:48]}  Qb6 {[%clk 0:02:55]} 5. b3 {[%clk 0:02:47]}  Bf5 {[%clk 0:02:55]} 6. f4 {[%clk 0:02:44]}  e6 {[%clk 0:02:52]} 7. c3 {[%clk 0:02:43]}  Ba3 {[%clk 0:02:50]} 8. Rb1 {[%clk 0:02:20]}  Bxb1 {[%clk 0:02:49]} 9. Qxb1 {[%clk 0:02:19]}  Be7 {[%clk 0:02:49]} 10. Bd3 {[%clk 0:02:18]}  Nbd7 {[%clk 0:02:49]} 11. Ngf3 {[%clk 0:02:18]}  Ng8 {[%clk 0:02:45]} 12. O-O {[%clk 0:02:16]}  h6 {[%clk 0:02:44]} 13. Bh4 {[%clk 0:02:13]}  Bxh4 {[%clk 0:02:43]} 14. Nxh4 {[%clk 0:02:13]}  Ngf6 {[%clk 0:02:41]} 15. f5 {[%clk 0:02:11]}  e5 {[%clk 0:02:41]} 16. Kh1 {[%clk 0:01:57]}  O-O-O {[%clk 0:02:37]} 17. Bc2 {[%clk 0:01:49]}  Rhe8 {[%clk 0:02:36]} 18. Nhf3 {[%clk 0:01:49]}  exd4 {[%clk 0:02:36]} 19. exd4 {[%clk 0:01:47]}  Re3 {[%clk 0:02:31]} 20. c4 {[%clk 0:01:45]}  Rde8 {[%clk 0:02:27]} 21. h3 {[%clk 0:01:41]}  Nh5 {[%clk 0:02:19]} 22. Kh2 {[%clk 0:01:40]}  Qc7+ {[%clk 0:02:18]} 23. Kg1 {[%clk 0:01:39]}  Ng3 {[%clk 0:02:15]} 24. Rd1 {[%clk 0:01:36]}  Nf6 {[%clk 0:02:13]} 25. Kf2 {[%clk 0:01:34]}  Re2+ {[%clk 0:02:10]} 26. Kg1 {[%clk 0:01:34]}  Nfh5 {[%clk 0:02:05]} 27. Ne5 {[%clk 0:01:13]}  Nf4 {[%clk 0:02:01]} 0-1